| 000 | 01453cam a2200337 4500 | ||
|---|---|---|---|
| 001 | M86906 | ||
| 008 | 090401t1992 xxu||||| |||| 00| 0 eng d | ||
| 035 | _a(Sirsi) u81303 | ||
| 041 | _aeng | ||
| 050 | _a630 | ||
| 110 |
_aRoyal Institution of Chartered Surveyors _94900 |
||
| 245 | 4 | _aThe joint RICS / CAAV annual conference. Wednesday 22 January 1992, The New Connaught Rooms, London. | |
| 260 |
_aLondon _bICC _c1992 |
||
| 300 | _a12 papers ; 30cm. | ||
| 350 | _a0 | ||
| 520 | _aCONTENTS: ATTENDANCE LIST / BIOGRAPHICAL NOTES / PROGRAMME / The rental formula in practice. - LOWRY, M. / Highway compensation: the new challange. - KNOWLES, D. / The impact of Eastern Europe. - SHIPP, R. / The new compensation provisions. - JOHNSON, T. / The Planning and Compensation Act 1991: how to work with the new planning system. - SEXTON, T. / The new dimension of Europe: a European update. - WAY, N. / Farm finance: where is it going? - KAYE, J. / Land and the law: a legal update. - MOORE, J. / Practical tax planning. - ARNOLD, J. | ||
| 650 | _aCOMPENSATION | ||
| 650 | _aCONFERENCES | ||
| 650 | _aEATERN EUROPE | ||
| 650 | _aEUROPE | ||
| 650 | _aFARM FINANCE | ||
| 650 | _aFARM RENTS | ||
| 650 | _aHIGHWAYS | ||
| 650 | _aLAND LAW | ||
| 650 | _aPLANNING AND COMPENSATION ACT 1991 | ||
| 650 | _aTAXATION | ||
| 690 | _aRURAL PRACTICE | ||
| 710 | _aCentral Association of Agricultural Valuers | ||
| 942 | _n0 | ||
| 948 | _c07/10/1997 | ||
| 999 |
_c96694 _d96694 |
||